00987nam a2200253Ia 4500003000400000005001700004006001800021007000300039008004100042024001100083037001100094040001800105041001300123100002300136110015800159245012400317260000900441300001900450650003000469700004500499700015800544942001200702999001900714OSt20220930090328.0a|||||r|||| 00| 0ta220926b |||||||| |||| 00| 0 eng d a109252 cTheses aCRLcCRLbeng 2engaeng aGoel Sudha9542302 aUniversity of Delhi. Faculty of Medical Sciences. National Institute of Health and Family Welfare (Department of Community Health Administration)9541577 0aStudy on availability and utilisation of health care facilities providing selected MCH services in urban slums of Delhi c2008 a178p.ap.ccm. aCOMMUNITY HEALTH SERVICES a Dr. Madhulekha Bhattacharya Gu.9542303 aUniversity of Delhi. Faculty of Medical Sciences. National Institute of Health and Family Welfare (Department of Community Health Administration)9541578 cDIS2CC c880396d880396